Doing business internationally : (Record no. 1111)
[ view plain ]
| 000 -LEADER | |
|---|---|
| fixed length control field | 01232cam a22003375i 4500 |
| 001 - CONTROL NUMBER | |
| control field | bkb0005158 |
| 003 - CONTROL NUMBER IDENTIFIER | |
| control field | EG-CaNGU |
| 005 - DATE AND TIME OF LATEST TRANSACTION | |
| control field | 20240123113427.0 |
| 008 - FIXED-LENGTH DATA ELEMENTS--GENERAL INFORMATION | |
| fixed length control field | 210609t2003 nyua f b 001 0 eng d |
| 020 ## - INTERNATIONAL STANDARD BOOK NUMBER | |
| International Standard Book Number | 9780071378321 |
| 020 ## - INTERNATIONAL STANDARD BOOK NUMBER | |
| International Standard Book Number | 0071378324 |
| 040 ## - CATALOGING SOURCE | |
| Original cataloging agency | NhNaSKC |
| Language of cataloging | eng |
| Description conventions | rda |
| -- | pn |
| Transcribing agency | NhNaSKC |
| Modifying agency | EG-CaNGU |
| 082 ## - DEWEY DECIMAL CLASSIFICATION NUMBER | |
| Classification number | 658.049 |
| Item number | WAD |
| Edition number | 23 |
| 100 1# - MAIN ENTRY--PERSONAL NAME | |
| Personal name | Walker, Danielle Medina, |
| Relator term | author. |
| 9 (RLIN) | 3383 |
| 245 10 - TITLE STATEMENT | |
| Title | Doing business internationally : |
| Remainder of title | the guide to cross-cultural success / |
| 250 ## - EDITION STATEMENT | |
| Edition statement | Second Edition. |
| 264 #1 - PRODUCTION, PUBLICATION, DISTRIBUTION, MANUFACTURE, AND COPYRIGHT NOTICE | |
| Place of production, publication, distribution, manufacture | New York : |
| Name of producer, publisher, distributor, manufacturer | McGraw-Hill, |
| Date of production, publication, distribution, manufacture, or copyright notice | [2003] |
| 264 #4 - PRODUCTION, PUBLICATION, DISTRIBUTION, MANUFACTURE, AND COPYRIGHT NOTICE | |
| Date of production, publication, distribution, manufacture, or copyright notice | ©2003 |
| 300 ## - PHYSICAL DESCRIPTION | |
| Extent | xvii, 330 pages : |
| Other physical details | illustrations ; |
| Dimensions | 24 cm |
| 336 ## - CONTENT TYPE | |
| Content type term | text |
| Content type code | txt |
| Source | rdacontent |
| 337 ## - MEDIA TYPE | |
| Media type term | unmediated |
| Media type code | n |
| Source | rdamedia |
| 338 ## - CARRIER TYPE | |
| Carrier type term | volume |
| Carrier type code | nc |
| Source | rdacarrier |
| 504 ## - BIBLIOGRAPHY, ETC. NOTE | |
| Bibliography, etc. note | Includes bibliographical references and index. |
| 650 #7 - SUBJECT ADDED ENTRY--TOPICAL TERM | |
| Topical term or geographic name entry element | Industrial management |
| Source of heading or term | NGU-sh |
| 9 (RLIN) | 2025 |
| 650 #7 - SUBJECT ADDED ENTRY--TOPICAL TERM | |
| Topical term or geographic name entry element | Intercultural communication |
| Source of heading or term | NGU-sh |
| 9 (RLIN) | 1582 |
| 650 #7 - SUBJECT ADDED ENTRY--TOPICAL TERM | |
| Topical term or geographic name entry element | Negotiation in business. |
| Source of heading or term | NGU-sh |
| 9 (RLIN) | 2196 |
| 650 #7 - SUBJECT ADDED ENTRY--TOPICAL TERM | |
| Topical term or geographic name entry element | Success in business. |
| Source of heading or term | NGU-sh |
| 9 (RLIN) | 3384 |
| 700 1# - ADDED ENTRY--PERSONAL NAME | |
| Personal name | Walker, Thomas, |
| Relator term | author. |
| 9 (RLIN) | 3385 |
| 700 1# - ADDED ENTRY--PERSONAL NAME | |
| Personal name | Schmitz, Joerg, |
| Relator term | author. |
| 9 (RLIN) | 3386 |
| Withdrawn status | Lost status | Source of classification or shelving scheme | Damaged status | Not for loan | Collection code | Home library | Current library | Date acquired | Source of acquisition | Cost, normal purchase price | Full call number | Barcode | Date last seen | Price effective from | Koha item type |
|---|---|---|---|---|---|---|---|---|---|---|---|---|---|---|---|
| Dewey Decimal Classification | Not For Loan | Business and Finance | Library B | Library B | 06/29/2021 | MERIC | 640.00 | 658.049 WAD | 1000191 | 08/13/2025 | 06/29/2021 | Book Non-borrowing | |||
| Dewey Decimal Classification | Business and Finance | Library B | Library B | 06/29/2021 | MERIC | 640.00 | 658.049 WAD | 1000192 | 08/13/2025 | 06/29/2021 | Book | ||||
| Dewey Decimal Classification | Business and Finance | Library B | Library B | 06/29/2021 | MERIC | 640.00 | 658.049 WAD | 1000193 | 08/13/2025 | 06/29/2021 | Book | ||||
| Dewey Decimal Classification | Business and Finance | Library B | Library B | 06/29/2021 | MERIC | 640.00 | 658.049 WAD | 1000194 | 08/13/2025 | 06/29/2021 | Book | ||||
| Dewey Decimal Classification | Business and Finance | Library B | Library B | 06/29/2021 | MERIC | 640.00 | 658.049 WAD | 1000195 | 08/13/2025 | 06/29/2021 | Book | ||||
| Dewey Decimal Classification | Business and Finance | Library B | Library B | 06/29/2021 | MERIC | 640.00 | 658.049 WAD | 1000196 | 08/13/2025 | 06/29/2021 | Book |